000 00667nam a2200241Ia 4500
003 OSt
005 20220918185156.0
006 a|||||r|||| 00| 0
007 ta
008 220917b |||||||| |||| 00| 0 eng d
024 _a49,990
037 _cTextual
040 _aARTS
_cARTS
_beng
041 _2eng
_aeng
082 _aP:R0X:3M24xM18, L3
100 _aVolosinov V N
_968123
245 0 _aMarxism and the philosophy of language tr by Ladislav Matejka and I R Titunik
260 _c1973
490 _aStudies in language
650 _aLINGUISTICS
942 _hP:R0X:3M24xM18, L3
_cTEXL
_2CC
999 _c179589
_d179589